|
|
|
|
| LEADER |
00000nam0a2200000 4500 |
| 001 |
157508 |
| 005 |
20231101221953.0 |
| 010 |
|
|
|a 5283040119
|
| 035 |
|
|
|a (RuTPU)RU\TPU\book\170850
|
| 090 |
|
|
|a 157508
|
| 100 |
|
|
|a 20090409d1991 m y0rusy50 ca
|
| 101 |
0 |
|
|a rus
|
| 102 |
|
|
|a RU
|
| 105 |
|
|
|a a z 001zy
|
| 200 |
1 |
|
|a Воздействие низкотемпературной плазмы и электромагнитного излучения на материалы
|f В. С. Войценя, С. К. Гужова, В. И. Титов
|
| 210 |
|
|
|a Москва
|c Энергоатомиздат
|d 1991
|
| 215 |
|
|
|a 224 с.
|c ил.
|
| 320 |
|
|
|a Библиогр.: с. 212-221.
|
| 606 |
1 |
|
|a Ионизирующие излучения
|x Действие на материалы
|x Материаловедение
|2 stltpush
|3 (RuTPU)RU\TPU\subj\39289
|9 59438
|
| 610 |
1 |
|
|a низкотемпературная плазма
|
| 610 |
1 |
|
|a электромагнитное излучение
|
| 610 |
1 |
|
|a материалы
|
| 610 |
1 |
|
|a воздействие
|
| 610 |
1 |
|
|a термоядерные установки
|
| 610 |
1 |
|
|a диэлектрические материалы
|
| 675 |
|
|
|a 620.22:539
|v 3
|
| 675 |
|
|
|a 539
|v 3
|
| 700 |
|
1 |
|a Войценя
|b В. С.
|g Владир Сергеевич
|
| 701 |
|
1 |
|a Гужова
|b С. К.
|g Светлана Константиновна
|
| 701 |
|
1 |
|a Титов
|b В. И.
|g Виктор Иванович
|
| 801 |
|
1 |
|a RU
|b 63413507
|c 20090409
|g PSBO
|
| 801 |
|
2 |
|a RU
|b 63413507
|c 20180126
|g PSBO
|
| 900 |
|
|
|a Физика и техника низкотемпературной плазмы, плазмохимия, плазменные технологии обработки и модификации свойств материалов
|
| 900 |
|
|
|a Воздействие плазмы и пучков заряженных частиц на вещество
|
| 942 |
|
|
|c BK
|